000 00292nam a22001337a 4500
008 170620b xxu||||| |||| 00| 0 eng d
020 _a0195030974
041 _aeng
080 _a32
100 _a20
101 _aSHP
245 _aSTRATEGIES OF CONTAINMENT
_cGADDIS, J,L
942 _2udc
_cBK
999 _c18292
_d18292